[Event "Debrecen"]
[Site "Debrecen"]
[Date "1990.??.??"]
[Round "4"]
[White "Chernin, Alexander"]
[Black "Romanishin, Oleg M"]
[Result "1/2-1/2"]
[WhiteElo "2600"]
[BlackElo "2525"]
[Annotator "Schussler,H"]
[PlyCount "102"]
[EventDate "1990.06.??"]
[EventType "tourn"]
[EventRounds "11"]
[EventCountry "HUN"]
[EventCategory "13"]
[SourceTitle "CBM 020"]
[Source "ChessBase"]
[SourceDate "1991.02.01"]
[SourceVersion "1"]
[SourceVersionDate "1991.02.01"]
[SourceQuality "1"]

1. Nf3 Nf6 2. c4 e6 3. d4 b6 4. Nc3 Bb7 5. a3 g6 6. d5 exd5 {Exchanging
immediately avoids - for good or bad - 6. - Bg7 7.e4 as played in Schandorff,
L-Brynell,S (game 876 at this disk).} 7. cxd5 Bg7 8. Bg5 O-O 9. e3 Qe8 $1 {
Intending 10. - Ne4.} 10. Bxf6 Bxf6 11. Rc1 c6 12. Bc4 Na6 13. O-O Nc5 14. Qc2
Bxc3 15. dxc6 dxc6 16. Qxc3 Ne4 17. Qb3 Qe7 18. Rfd1 Rfd8 19. a4 c5 20. h3 Kg7
21. a5 bxa5 22. Bd3 Nf6 23. Ne1 Rd7 24. Qc3 Rad8 25. Be2 Rxd1 26. Bxd1 Qd6 27.
Bf3 Bxf3 28. Nxf3 Qb6 29. Ra1 Rb8 30. Rxa5 Qxb2 31. Qxc5 Qe2 32. Ra1 Qxf2+ 33.
Kxf2 Ne4+ 34. Kf1 Nxc5 35. Rxa7 Rb4 36. Ke2 Rb2+ 37. Kf1 Ne4 38. Ra1 h5 39. Kg1
Rb3 40. Re1 g5 41. h4 g4 42. Nd4 Ra3 43. Kh2 Kg6 44. Ne2 Kf5 45. Nf4 Nf6 46.
Ne2 Rxe3 47. Ng3+ Kf4 48. Rf1+ Ke5 49. Ra1 Ne4 50. Ra5+ Ke6 51. Ra6+ Ke5
1/2-1/2

[Event "Dortmunder Schachtage-A 18th"]
[Site "Dortmund"]
[Date "1990.04.13"]
[Round "8"]
[White "Boensch, Uwe"]
[Black "Stohl, Igor"]
[Result "1/2-1/2"]
[WhiteElo "2530"]
[BlackElo "2530"]
[Annotator "Schussler,H"]
[PlyCount "162"]
[EventDate "1990.04.05"]
[EventType "tourn"]
[EventRounds "11"]
[EventCountry "GER"]
[EventCategory "13"]
[SourceTitle "CBM 018"]
[Source "ChessBase"]
[SourceDate "1990.10.01"]
[SourceVersion "1"]
[SourceVersionDate "1990.10.01"]
[SourceQuality "1"]

1. Nf3 Nf6 2. c4 b6 3. d4 e6 4. a3 Bb7 5. Nc3 d5 6. Bg5 Be7 7. cxd5 {This is
not dangerous for Black, who has a reached a safe line in the Tartakower
Queen` s gambit where White has spent a move on a2-a3.} Nxd5 8. Bxe7 Qxe7 9.
Nxd5 Bxd5 10. e3 O-O 11. Rc1 Rc8 12. Bc4 Bb7 13. O-O Nd7 14. b4 c5 15. dxc5
bxc5 16. b5 Nb6 17. Be2 c4 18. Rc3 Qc5 19. Qb1 a6 20. bxa6 Bxa6 21. Rfc1 h6 22.
R3c2 Nd5 23. Bxc4 Bxc4 24. Rxc4 Qxc4 25. Rxc4 Rxc4 26. h3 Rca4 27. Ne5 Rxa3 28.
Qb7 R3a7 29. Qc6 Rd8 30. Kh2 Rc7 31. Qa4 Rdc8 32. g4 Nf6 33. Kg2 Rc5 34. Nd7
Nxd7 35. Qxd7 Rc2 36. Kg3 Rb8 37. h4 g6 38. g5 h5 39. Qd4 Ra8 40. f3 Rac8 41.
Qd7 R2c3 42. Qd4 R3c5 43. Qd7 Ra8 44. Qb7 Rd8 45. Qe7 Rcd5 46. Qc7 Ra8 47. Qc3
Rf5 48. Qb3 Rd5 49. Qc3 Rb8 50. Kf2 Rdb5 51. Kg3 Rb1 52. Qd4 R1b2 53. Qe5 R8b3
54. Qd4 Rb8 55. Qe5 R2b5 56. Qc3 Rb4 57. Qc5 Ra4 58. Qc3 Ra2 59. Qd4 Ra5 60.
Qc3 Rba8 61. Qd4 e5 62. Qc3 e4 63. fxe4 Ra1 64. Qc6 R1a6 65. Qd5 Re8 66. Kf3
Rae6 67. Kf4 Rc8 68. Kf3 Rb8 69. Qd4 Ree8 70. Qd7 Red8 71. Qc7 Rf8 72. Qd7 Rb1
73. Kg2 Ra8 74. Qd5 Rc8 75. Qd7 Rc2+ 76. Kg3 Rg1+ 77. Kf3 Rf1+ 78. Kg3 Rcf2 79.
e5 Rf3+ 80. Kg2 R1f2+ 81. Kg1 Rf1+ 1/2-1/2

[Event "Interzonal-15"]
[Site "Manila"]
[Date "1990.??.??"]
[Round "3"]
[White "Miles, Anthony John"]
[Black "Hjartarson, Johann"]
[Result "1-0"]
[WhiteElo "2595"]
[BlackElo "2520"]
[Annotator "Schussler,H"]
[PlyCount "89"]
[EventDate "1990.06.29"]
[EventType "swiss"]
[EventRounds "13"]
[EventCountry "PHI"]
[SourceTitle "CBM 019"]
[Source "ChessBase"]
[SourceDate "1990.12.01"]
[SourceVersion "1"]
[SourceVersionDate "1990.12.01"]
[SourceQuality "1"]

1. d4 Nf6 2. c4 e6 3. Nf3 b6 4. a3 Bb7 5. Nc3 d5 6. cxd5 exd5 7. g3 Be7 8. Qa4+
c6 9. Ne5 O-O 10. Bg2 Nfd7 11. Nd3 Bf6 12. Nf4 (12. e3) 12... b5 13. Qd1 a5 14.
O-O Nb6 15. e3 N8d7 16. Qc2 g6 17. Rd1 Rc8 18. Bd2 Nc4 19. Be1 Qe7 20. e4 $1
dxe4 21. Nxe4 {><c5, Bb7} Bg7 22. Bc3 Rfd8 23. Re1 Qf8 24. Nd3 $1 Ndb6 25. Nec5
Ba8 26. Bh3 (26. b3 Nxa3 {/\ b4}) 26... Rb8 27. Na6 $1 Rb7 28. b3 Ra7 $1 (28...
Nxa3 29. Rxa3 Qxa3 30. Nac5 $18) 29. Nac5 (29. Ndc5 Nd5 $1 $13) 29... Nd5 $5 (
29... Nd6 30. Ne5 $16) 30. bxc4 Nxc3 31. Ne5 $1 Rxd4 32. Qxc3 Qxc5 33. Nd7
Rdxd7 34. Re8+ Qf8 $1 (34... Bf8 35. Bxd7 Rxd7 36. Rxa8) 35. Rxf8+ Kxf8 36. Qc1
Rdb7 37. cxb5 Bxa1 38. b6 Bd4 (38... Ra6 39. Qxa1 Rbxb6 40. Bf1 Ra7 41. Qh8+
Ke7 42. Qe5+ Kd8 (42... Kd7 43. Bh3+ $18) 43. Qc5 $16) 39. bxa7 Rxa7 $2 (39...
Bxa7 40. Qc3 $16) 40. Bg2 $2 (40. Qf4 $18) 40... c5 $2 $138 41. Qf4 Kg7 42. Qb8
Ra6 43. Bxa8 Re6 44. Qd8 a4 45. Qd7 1-0

[Event "Debrecen"]
[Site "Debrecen"]
[Date "1990.??.??"]
[Round "1"]
[White "Romanishin, Oleg M"]
[Black "Hansen, Curt"]
[Result "1/2-1/2"]
[WhiteElo "2525"]
[BlackElo "2570"]
[Annotator "Schussler,H"]
[PlyCount "38"]
[EventDate "1990.06.??"]
[EventType "tourn"]
[EventRounds "11"]
[EventCountry "HUN"]
[EventCategory "13"]
[SourceTitle "CBM 020"]
[Source "ChessBase"]
[SourceDate "1991.02.01"]
[SourceVersion "1"]
[SourceVersionDate "1991.02.01"]
[SourceQuality "1"]

1. d4 Nf6 2. Nf3 e6 3. c4 b6 4. a3 Ba6 5. e3 d5 6. Nbd2 c5 7. Be2 Nbd7 8. O-O
Bb7 9. cxd5 Bxd5 $10 10. e4 $5 Nxe4 11. Nxe4 Bxe4 12. Qa4 Bd5 13. Be3 a6 14.
dxc5 Bxc5 15. Bxc5 bxc5 16. Ne5 f6 17. Nc4 O-O 18. Ne3 Nb6 19. Qa5 c4 $10
1/2-1/2

[Event "Noviki-A"]
[Site "Budapest"]
[Date "1990.??.??"]
[Round "5"]
[White "Farago, Ivan"]
[Black "Marinelli, Tullio"]
[Result "1/2-1/2"]
[WhiteElo "2475"]
[BlackElo "2400"]
[Annotator "Schussler,H"]
[PlyCount "102"]
[EventDate "1990.??.??"]
[EventType "tourn"]
[EventRounds "11"]
[EventCountry "HUN"]
[EventCategory "9"]
[SourceTitle "CBM 019"]
[Source "ChessBase"]
[SourceDate "1990.12.01"]
[SourceVersion "1"]
[SourceVersionDate "1990.12.01"]
[SourceQuality "1"]

1. d4 Nf6 2. c4 e6 3. Nf3 b6 4. a3 Be7 5. Nc3 d5 6. Bg5 O-O 7. e3 Ba6 $5 {
7. - b7 transposes to Andersson-Miles, Biel 1990 (this disk).} 8. Qb3 Nbd7 9.
cxd5 Bxf1 10. Kxf1 Nxd5 11. Nxd5 Bxg5 12. Nxg5 Qxg5 13. Nxc7 Rac8 14. Nb5 Qf5
15. Nc3 Nf6 16. Kg1 Rc7 17. h3 Rfc8 18. Rf1 Ne4 19. Nxe4 Qxe4 20. Kh2 Rc2 $10
21. Rhg1 h5 22. Qb5 g6 23. a4 Qb7 24. b3 R8c3 25. Qe5 Rxb3 26. Rc1 Rbc3 27.
Rxc2 Rxc2 28. Qf4 Rc4 29. Ra1 Qd7 30. a5 b5 31. a6 Rc8 32. Rb1 Qd5 33. e4 Qc4
34. Qd6 Qc6 35. Qe5 Qxa6 36. Rxb5 Qc6 37. Rc5 Qd7 38. Rxc8+ Qxc8 39. d5 exd5
40. exd5 Qf5 41. Qd4 Kf8 42. g4 hxg4 43. hxg4 Qg5 44. Kg3 f5 45. f3 fxg4 46.
fxg4 a6 47. d6 Ke8 48. Qa4+ Kd8 49. Qxa6 Qe3+ 50. Kg2 Qe4+ 51. Kh3 Qe3+ 1/2-1/2

[Event "URS-chT Republics 19th final A"]
[Site "Azov"]
[Date "1991.??.??"]
[Round "2"]
[White "Baikov, Vladimir A"]
[Black "Kaiumov, Dmitry D"]
[Result "1/2-1/2"]
[WhiteElo "2355"]
[BlackElo "2405"]
[Annotator "Schussler,H"]
[PlyCount "94"]
[EventDate "1991.??.??"]
[EventType "team-tourn"]
[EventRounds "3"]
[EventCountry "URS"]
[SourceTitle "EXT 2020"]
[Source "ChessBase"]
[SourceDate "2019.10.17"]
[SourceVersion "1"]
[SourceVersionDate "2019.10.17"]
[SourceQuality "1"]
[WhiteTeam "Moscow"]
[BlackTeam "Uzbekistan"]
[WhiteTeamCountry "URS"]
[BlackTeamCountry "UZB"]

1. d4 Nf6 2. c4 e6 3. Nf3 b6 4. Nc3 Bb7 5. a3 d5 6. cxd5 Nxd5 7. Bd2 {The old
main-line, 7.e3, was seen in Khenkin,I-Bykhovsky,A, Gausdal 1991 (CBM 25/game
408 were White played 14.Bb2!? instead of the more flexible 14.e4 after which
White has the option to play Bf4.} Nd7 8. Qc2 (8. Nxd5 exd5 9. g3 Bd6 $10 {
Christiansen,L-Lautier,J, Biel 1991 (CBM 25/game 123).}) 8... Be7 9. e4 Nxc3
10. Bxc3 O-O 11. Rd1 Qc8 12. Bc4 $5 {More usual is 12.Bd3. An advantage is
that the B is protected so that White doesn` t have to waste any move when
Bb7-a6 is played.} Rd8 13. O-O Ba6 14. Bxa6 {14.Qe2!?} Qxa6 15. d5 exd5 16.
exd5 Bf6 17. Rfe1 Bxc3 18. Qxc3 Nf6 19. Re5 Qb7 20. Qb3 Rd7 $10 21. Nh4 Re8 22.
Rxe8+ Nxe8 23. Nf5 Qc8 24. Re1 Qd8 25. Qb4 Nd6 26. Nxd6 Rxd6 27. Qa4 Kf8 28.
Qxa7 Rxd5 29. Qa4 h5 30. h3 g6 31. Qb4+ c5 32. Qc3 Kg8 33. a4 Rd1 34. Kh2 Qd6+
35. g3 Rxe1 36. Qxe1 h4 37. Qc3 hxg3+ 38. Qxg3 Qf6 39. b3 Kg7 40. Kg2 Qd4 41.
Qf3 c4 42. bxc4 Qxc4 43. Qe3 Qc6+ 44. Kg3 Kf6 45. h4 Qd6+ 46. Kf3 Kg7 47. Qc3+
f6 1/2-1/2

[Event "Belgrade Investbank"]
[Site "Belgrade"]
[Date "1989.11.??"]
[Round "8"]
[White "Kasparov, Garry"]
[Black "Hjartarson, Johann"]
[Result "1/2-1/2"]
[WhiteElo "2775"]
[BlackElo "2555"]
[Annotator "Schussler,H"]
[PlyCount "122"]
[EventDate "1989.11.??"]
[EventType "tourn"]
[EventRounds "11"]
[EventCountry "YUG"]
[EventCategory "15"]
[SourceTitle "CBM 016"]
[Source "ChessBase"]
[SourceDate "1990.06.01"]
[SourceVersion "1"]
[SourceVersionDate "1990.06.01"]
[SourceQuality "1"]

1. d4 Nf6 2. c4 e6 3. Nf3 b6 4. Nc3 Bb7 5. a3 d5 6. cxd5 Nxd5 7. e3 Be7 8. Bb5+
c6 9. Bd3 O-O 10. Qc2 h6 11. O-O c5 12. Nxd5 Qxd5 {12. - exd5!? 13. b3 Nd7=}
13. e4 Qh5 14. dxc5 Bxc5 15. b4 Bd6 16. Bb2 Nc6 17. Qe2 Rad8 18. e5 Bb8 19.
Rfd1 Ne7 20. Be4 Nd5 21. h3 Rd7 22. Rd4 Nf4 (22... Bxe5 $5 23. Bg6 Qxg6 24.
Nxe5 Nf4 $1 $17) 23. Qe3 Rxd4 24. Bxd4 Nd5 25. Qe1 f5 26. exf6 gxf6 27. Nh2 f5
28. Bf3 Qg6 29. Nf1 Rf7 $14 30. Ng3 Nf4 31. Bxb7 Rxb7 32. Rd1 Nd5 33. Be5 Kh7
34. Nf1 f4 35. Bxb8 Rxb8 36. Qe2 Rg8 37. Qf3 Rg7 38. Re1 Qf5 39. Nd2 Nf6 40.
Nc4 Nd5 41. Nd6 Qg6 42. Nb5 Ne7 43. Nd4 $6 {43. Re4!? looks good for White.}
Nf5 44. Nxe6 Nh4 45. Qe4 Qxe4 46. Rxe4 Rxg2+ 47. Kf1 Rh2 48. Nxf4 Rh1+ 49. Ke2
Ng6 50. Nxg6 Kxg6 51. Re7 Rxh3 52. Rxa7 h5 53. Ra6 Kg7 54. a4 h4 55. Kf1 Ra3
56. Kg2 Kf7 57. b5 Ke7 58. f4 Kd7 59. f5 Kc7 60. Ra8 Rg3+ 61. Kh2 Rf3 1/2-1/2

[Event "World Cup"]
[Site "Reykjavik"]
[Date "1991.??.??"]
[Round "9"]
[White "Seirawan, Yasser"]
[Black "Salov, Valery"]
[Result "1-0"]
[WhiteElo "2615"]
[BlackElo "2665"]
[Annotator "Schussler,H"]
[PlyCount "111"]
[EventDate "1991.09.??"]
[EventType "tourn"]
[EventRounds "15"]
[EventCountry "ISL"]
[EventCategory "16"]
[SourceTitle "CBM 026"]
[Source "ChessBase"]
[SourceDate "1992.02.01"]
[SourceVersion "1"]
[SourceVersionDate "1992.02.01"]
[SourceQuality "1"]

1. d4 Nf6 2. c4 e6 3. Nf3 b6 4. Nc3 Bb7 5. a3 d5 6. cxd5 Nxd5 7. Qc2 Nxc3 8.
Qxc3 {An interesting alternative to the more usual 8.bxc3.} Bd6 (8... Be7 9.
Bf4) 9. Bg5 f6 10. Bh4 Nd7 11. e3 Qe7 (11... O-O 12. Bb5 $6 {12. c4 might
transpose to Seirawan-Salov.} c5 13. Rd1 Rc8 14. Bc4 Qe7 $10 {At least White`
s advantage is very small. Seirawan,Y-Salov,V, Reykjavik 1991 (CBM 26/game 707)
.}) 12. Bc4 (12. Bb5 c6 13. Bxc6 {(13. d3!? - Seirawan)} Rc8 14. Bxd7+ Qxd7 15.
Qd3 Bd5 {(Seirawan)}) 12... O-O 13. O-O Kh8 14. Rfd1 Rad8 15. Bg3 $2 {15.Tac1
+ =, 15.b4 + = (Seirawan).} Bxf3 16. gxf3 f5 $1 $15 17. f4 h6 18. h4 Nf6 19.
Qb3 Nd5 20. Kg2 $6 (20. Bxd5 exd5 21. Qxd5 Bxf4 $15) 20... g6 $6 {20. - f7.}
21. Bxd5 $1 exd5 22. Qxd5 Bxf4 23. Qf3 Bd6 24. Rac1 f4 25. Bxf4 Bxf4 (25... Rf5
$5 26. d5 $1 Bxf4 27. exf4 Qxh4 28. Rh1 $10) 26. exf4 Rf5 $6 (26... Qxh4 27.
Rh1 Qxf4 28. Qxf4 Rxf4 29. Rxh6+ Kg7 30. Rh3 $10) 27. Re1 {27.Kg3! (Seirawan)
+ =.} Qf7 $2 {27. - xh4 =.} 28. Re4 Rd7 29. Qe3 Kh7 30. Kg3 Rfd5 $6 {30. - f6!
+ =.} 31. Rc6 $1 $16 R5d6 32. Rxd6 cxd6 33. Re6 Qf5 34. Qe4 h5 35. Qxf5 gxf5
36. Rf6 $18 Rg7+ 37. Kf3 {37. h3!.} Rg4 38. Rxf5 Rxh4 39. Rg5 Rh3+ 40. Rg3 Rh1
41. f5 h4 42. Rg4 h3 43. f6 h2 44. Rg7+ $1 (44. f7 Rb1 $1 45. f8=N+ Kh6 46.
Rh4+ Kg7 47. Rxh2 Kxf8 $13) 44... Kh6 45. Rg2 $1 Rc1 46. f7 Rc8 47. Rxh2+ Kg7
48. Ke4 $1 $18 Rc2 49. b4 Kxf7 50. Kd5 Kg6 51. Kxd6 Ra2 52. Rh3 Rxf2 53. d5 Rc2
54. Ke6 Re2+ 55. Kd7 Kf6 56. d6 1-0

[Event "Valby K41"]
[Site "Valby"]
[Date "1991.??.??"]
[Round "7"]
[White "Razuvaev, Yuri S"]
[Black "Cramling, Pia"]
[Result "1/2-1/2"]
[WhiteElo "2590"]
[BlackElo "2485"]
[Annotator "Schussler,H"]
[PlyCount "41"]
[EventDate "1991.09.??"]
[EventType "tourn"]
[EventRounds "9"]
[EventCountry "DEN"]
[EventCategory "10"]
[SourceTitle "CBM 027"]
[Source "ChessBase"]
[SourceDate "1992.04.01"]
[SourceVersion "1"]
[SourceVersionDate "1992.04.01"]
[SourceQuality "1"]

1. d4 Nf6 2. c4 e6 3. Nf3 b6 4. a3 Ba6 5. Qc2 Bb7 6. Nc3 c5 7. e4 (7. dxc5 bxc5
8. Bf4 d6 (8... Be7 9. e3 O-O 10. Be2 Nh5 $6 11. Bg3 f5 12. Rd1 d6 $2 13. Bxd6
$1 Bxd6 14. Nb5 Qa5+ 15. b4 cxb4 16. Nxd6 bxa3+ 17. Qd2 $16 {Nikolic,
Pr-Chandler,M, Reykjavik 1991.}) 9. Rd1 Qb6 10. e3 Be7 11. Be2 O-O 12. O-O Nbd7
13. Rd2 Rfd8 14. Rfd1 Nf8 15. Ng5 $5 {+/= / = Portisch,L-Gulko,B, Reykjavik
1991.}) 7... cxd4 8. Nxd4 Bc5 9. Nb3 Nc6 10. Bg5 (10. Nxc5 bxc5 11. Bd3 d6 12.
O-O Nd4 13. Qd1 Nd7 14. f4 O-O 15. Be3 a5 16. a4 {+/= / =, Christiansen,
L-Hansen,C (CBM 27 game 354).}) 10... h6 11. Bh4 Nd4 12. Nxd4 Bxd4 13. Bd3 Qb8
$5 14. Bg3 Be5 15. O-O-O O-O 16. Kb1 Rc8 $10 17. Rhe1 Ba6 18. Qa4 Bb7 19. Qc2
Ba6 20. Qa4 Bb7 21. Qc2 1/2-1/2

[Event "URS-ch U26"]
[Site "Minsk"]
[Date "1990.??.??"]
[Round "?"]
[White "Piskov, Yury"]
[Black "Shabalov, Alexander"]
[Result "1/2-1/2"]
[WhiteElo "2445"]
[BlackElo "2465"]
[Annotator "Schussler,H"]
[PlyCount "40"]
[EventDate "1990.01.??"]
[EventType "tourn"]
[EventRounds "13"]
[EventCountry "URS"]
[EventCategory "10"]
[SourceTitle "CBM 017"]
[Source "ChessBase"]
[SourceDate "1990.08.01"]
[SourceVersion "1"]
[SourceVersionDate "1990.08.01"]
[SourceQuality "1"]

1. d4 e6 2. c4 b6 3. Nc3 Bb7 4. a3 Nf6 5. Nf3 {5. d5! gives White a slight
space-advantage.} g6 6. Bf4 Bg7 7. h3 O-O 8. e3 d6 9. Be2 Ne4 10. Nxe4 Bxe4 11.
O-O Nd7 12. Rc1 h6 13. Bh2 Qe7 14. Qa4 Bb7 15. b4 a5 16. c5 dxc5 17. bxc5 bxc5
18. Qc2 c4 19. Rb1 Nb6 20. Nd2 e5 1/2-1/2

[Event "Taastrup"]
[Site "Taastrup"]
[Date "1990.??.??"]
[Round "3"]
[White "Schandorff, Lars"]
[Black "Farago, Ivan"]
[Result "1-0"]
[WhiteElo "2445"]
[BlackElo "2475"]
[Annotator "Schussler,H"]
[PlyCount "59"]
[EventDate "1990.02.??"]
[EventType "tourn"]
[EventRounds "9"]
[EventCountry "DEN"]
[EventCategory "9"]
[SourceTitle "CBM 020"]
[Source "ChessBase"]
[SourceDate "1991.02.01"]
[SourceVersion "1"]
[SourceVersionDate "1991.02.01"]
[SourceQuality "1"]

1. d4 e6 2. c4 Nf6 3. Nf3 b6 4. a3 Ba6 5. Qc2 Bb7 6. Nc3 c5 7. e4 cxd4 8. Nxd4
Bc5 9. Nb3 Nc6 10. Bg5 Nd4 11. Nxd4 Bxd4 12. Bd3 Qb8 13. Ne2 h6 14. Bd2 Bc5 15.
b4 Be7 16. f4 d6 17. O-O O-O 18. f5 d5 19. cxd5 exd5 20. exd5 Rc8 21. Qd1 Qe5
22. Nf4 Nxd5 23. Qe2 Qd4+ 24. Kh1 Bf6 25. Rae1 Re8 $4 26. Qxe8+ Kh7 (26... Rxe8
27. Rxe8+ Kh7 28. Ng6 fxg6 29. fxg6#) 27. Qxf7 Nxf4 28. Qxb7 Nxd3 29. Qxa8 Qh4
30. Re8 1-0

[Event "Rimavska Sobota"]
[Site "Rimavska Sobota"]
[Date "1991.??.??"]
[Round "4"]
[White "Stohl, Igor"]
[Black "Fries Nielsen, Jens Ove"]
[Result "1-0"]
[WhiteElo "2550"]
[BlackElo "2415"]
[Annotator "Schussler,H"]
[PlyCount "71"]
[EventDate "1991.05.??"]
[EventType "tourn"]
[EventRounds "13"]
[EventCountry "CSR"]
[EventCategory "9"]
[SourceTitle "CBM 024"]
[Source "ChessBase"]
[SourceDate "1991.10.01"]
[SourceVersion "1"]
[SourceVersionDate "1991.10.01"]
[SourceQuality "1"]

1. d4 Nf6 2. c4 e6 3. Nf3 b6 4. Nc3 Bb7 5. a3 c5 $2 {The moves Bb7 and c5
doesn`t work well together as the B will be rather passive in the ensuing
Benoniposition. Better is, for instance, 4. - Ba6 followed by 5. - c5 or 4. -
Ba6 5.Qc2 Bb7 6.Nc3 c5.} 6. d5 exd5 7. cxd5 d6 8. e4 Nbd7 {8. - g6} 9. Bd3 Be7
10. O-O O-O 11. h3 Ne5 $6 12. Nxe5 dxe5 13. Qe2 a6 14. Be3 Nd7 15. a4 Bg5 16.
Nd1 g6 17. Rb1 Kh8 18. b4 $16 Be7 19. bxc5 Nxc5 20. Nc3 Bd6 21. Bc4 Nd7 22.
Rfc1 f5 23. f3 f4 24. Bf2 g5 25. Kf1 h5 26. Na2 Rg8 27. Nb4 g4 28. Bxa6 gxh3
29. gxh3 Bxa6 30. Nxa6 Qg5 31. Ke1 Qg2 32. Rc6 Rg6 33. Kd2 Rxa6 34. Rg1 $18
Bb4+ 35. Kc2 Rxa4 36. Rxg2 1-0

[Event "Taastrup"]
[Site "Taastrup"]
[Date "1990.??.??"]
[Round "5"]
[White "Schandorff, Lars"]
[Black "Brynell, Stellan"]
[Result "1-0"]
[WhiteElo "2445"]
[BlackElo "2430"]
[Annotator "Schussler,H"]
[PlyCount "78"]
[EventDate "1990.02.??"]
[EventType "tourn"]
[EventRounds "9"]
[EventCountry "DEN"]
[EventCategory "9"]
[SourceTitle "CBM 020"]
[Source "ChessBase"]
[SourceDate "1991.02.01"]
[SourceVersion "1"]
[SourceVersionDate "1991.02.01"]
[SourceQuality "1"]

1. d4 e6 2. c4 Nf6 3. Nf3 b6 4. a3 Bb7 5. Nc3 g6 6. d5 Bg7 7. e4 exd5 8. exd5
O-O 9. Be2 c6 10. O-O cxd5 11. cxd5 Na6 12. Bg5 h6 13. Bh4 Re8 14. Rc1 Rc8 15.
Re1 Nc7 16. d6 Ne6 17. Bf1 Nf4 18. Qa4 g5 19. Bg3 Rxe1 20. Rxe1 Bc6 21. Qa6 Ne6
22. Ne5 Nh5 23. Nxc6 Rxc6 24. Nd5 Rc2 25. Ne7+ Kh8 26. Qd3 Rxb2 27. Qf5 Nxg3
28. hxg3 Rd2 29. Bd3 Rxd3 30. Qxd3 Bf6 31. Nd5 Kg7 32. Qf5 Bd4 33. Qd3 Bc5 34.
Ne7 h5 35. Qf3 Qh8 36. Qe4 f6 37. Qg6+ Kf8 38. Nd5 Bd4 39. Nc7 {39.Rxe6} Qg8
1-0

[Event "USA-ch"]
[Site "USA"]
[Date "1989.??.??"]
[Round "5"]
[White "Rohde, Michael A"]
[Black "Miles, Anthony John"]
[Result "0-1"]
[WhiteElo "2550"]
[BlackElo "2580"]
[Annotator "Schussler,H"]
[PlyCount "68"]
[EventDate "1989.11.??"]
[EventType "tourn"]
[EventRounds "15"]
[EventCountry "USA"]
[EventCategory "12"]
[SourceTitle "CBM 019"]
[Source "ChessBase"]
[SourceDate "1990.12.01"]
[SourceVersion "1"]
[SourceVersionDate "1990.12.01"]
[SourceQuality "1"]

1. d4 Nf6 2. Nf3 e6 3. c4 b6 4. a3 Ba6 5. Nbd2 Bb7 6. Qc2 d5 7. cxd5 exd5 8. g3
Bd6 $5 {Instead of the previously played 8. - Be7.} 9. Bg2 Nbd7 10. O-O O-O 11.
Nh4 Re8 12. Nc4 $6 $10 {12.Ndf3!?} Bf8 13. Bf4 $6 Ne4 14. Ne5 Nxe5 15. dxe5 (
15. Bxe5 f6 $1 16. Bxc7 Rc8 17. Bxd8 Rxc2 $19 {(Miles)}) 15... g5 $1 16. Bxe4
dxe4 17. Rad1 Qe7 18. Nf5 Qe6 19. Nd4 Qh3 20. Bxg5 Rxe5 21. Bh4 Bd6 22. f4 {
22.Kh1!} Rc5 $19 23. Qa4 b5 24. Qb3 e3 25. Nf3 Re8 26. Rd3 Rh5 27. Qc3 Re6 28.
Rxd6 (28. Rxe3 Rxe3 29. Qxe3 Bc5 $19) 28... cxd6 29. Qc7 Bxf3 30. Rxf3 Rc5 31.
Qd8+ Kg7 32. Rf1 Rg6 33. Qe7 Rh5 34. Qxe3 Qxh4 0-1

[Event "USA-ch"]
[Site "USA"]
[Date "1989.??.??"]
[Round "10"]
[White "Ivanov, Igor Vasilievich"]
[Black "Gurevich, Dmitry"]
[Result "1-0"]
[WhiteElo "2505"]
[BlackElo "2490"]
[Annotator "Schussler,H"]
[PlyCount "121"]
[EventDate "1989.11.??"]
[EventType "tourn"]
[EventRounds "15"]
[EventCountry "USA"]
[EventCategory "12"]
[SourceTitle "CBM 019"]
[Source "ChessBase"]
[SourceDate "1990.12.01"]
[SourceVersion "1"]
[SourceVersionDate "1990.12.01"]
[SourceQuality "1"]

1. d4 Nf6 2. Nf3 e6 3. Bg5 c5 4. e3 cxd4 5. exd4 b6 6. a3 $6 Be7 7. c4 O-O 8.
Nc3 Bb7 9. Bd3 d5 10. Bxf6 Bxf6 11. cxd5 exd5 12. O-O Nc6 13. Re1 Qd6 14. Nb5
Qd8 15. Rc1 a6 16. Nc3 b5 17. Qc2 g6 18. Nxd5 Qxd5 19. Be4 Nxd4 20. Nxd4 Qd7 $5
$10 (20... Qxd4 21. Bxb7 Rab8 22. Qc6) 21. Bxb7 Qxb7 22. Nb3 Rac8 23. Nc5 Qb6
24. b4 Bd4 25. Red1 Rfd8 26. h3 Rd6 27. Rd3 a5 28. Qd2 axb4 29. axb4 Rcd8 30.
Kf1 Bxc5 31. bxc5 Rxd3 32. Qxd3 Qc7 33. Qf3 Qh2 34. g4 b4 35. c6 Qc7 36. h4 h6
37. h5 g5 38. Rc4 Rb8 39. Rd4 Qe5 40. Rd7 Rf8 41. Kg2 Qb5 42. Rd6 Qe5 43. Qd3
Kg7 44. Rd5 Qf6 45. Rd6 Qe5 46. c7 Rc8 47. Rd7 Qe6 48. Qd4+ Qf6 49. Rxf7+ Kxf7
50. Qd7+ Qe7 51. Qxc8 Qe4+ 52. Kh2 Qf4+ 53. Kg1 Qc1+ 54. Kg2 Qc6+ 55. f3 Qc2+
56. Kg3 Qc1 57. Qd7+ Kf6 58. Qd6+ Kf7 59. Kf2 Qc2+ 60. Ke3 Qc3+ 61. Ke4 1-0

[Event "Interzonal-15"]
[Site "Manila"]
[Date "1990.??.??"]
[Round "1"]
[White "Gelfand, Boris"]
[Black "Dzindzichashvili, Roman"]
[Result "1/2-1/2"]
[WhiteElo "2680"]
[BlackElo "2560"]
[Annotator "Schussler,H"]
[PlyCount "64"]
[EventDate "1990.06.29"]
[EventType "swiss"]
[EventRounds "13"]
[EventCountry "PHI"]
[SourceTitle "CBM 019"]
[Source "ChessBase"]
[SourceDate "1990.12.01"]
[SourceVersion "1"]
[SourceVersionDate "1990.12.01"]
[SourceQuality "1"]

1. d4 Nf6 2. c4 e6 3. Nf3 b6 4. a3 Bb7 5. Nc3 d5 6. Bg5 Be7 7. Qa4+ {Qa4+ in
combination with Bg5 is perhaps a new idea. Black does well to avoid 7. - Nbd7
in this position (8.Ne5!).} (7. Bxf6) (7. cxd5) (7. Rc1) 7... c6 (7... Nbd7 8.
Ne5) 8. cxd5 Nxd5 9. Nxd5 Bxg5 10. Nc3 (10. Nxg5 Qxd5 11. Nf3 O-O {/\ c5=})
10... O-O 11. e4 Nd7 12. e5 Be7 13. O-O-O (13. Rd1 $5 Qc7 14. Be2 (14. Bd3 c5
$10) 14... Rfd8 $10 (14... c5 $2 15. d5 $1 Nxe5 16. d6 $1 $18)) 13... b5 14.
Qc2 b4 15. axb4 a5 16. b5 (16. bxa5 Qxa5 {/\c5-+}) 16... cxb5 17. Bxb5 Nb6 (
17... a4 $1 18. Bxa4 (18. Bd3 a3 $19) 18... Nb6 19. Bb3 Bxf3 20. gxf3 Ra1+ $19)
18. h4 Nd5 19. Ng5 Bxg5+ 20. hxg5 Qxg5+ 21. Qd2 Qxd2+ 22. Kxd2 Nf4 23. Rh2 Rfd8
24. Ne2 Nxe2 25. Kxe2 Rdb8 26. Bd3 h6 27. f3 Bd5 28. Rd2 Rb3 29. Rh1 a4 30. Ra1
Rb4 31. Be4 Rd8 32. Ke3 Rb3+ 1/2-1/2